| 000 | 00363nam a2200145Ia 4500 | ||
|---|---|---|---|
| 005 | 20250703160154.0 | ||
| 008 | 240331s9999 xx 000 0 und d | ||
| 082 |
_bKUR _a920 |
||
| 100 | _aKuruwita Bandara,T | ||
| 245 | 0 | _aSirith maldama | |
| 260 |
_aColombo _bLake House Investments Company Limited _c1984 |
||
| 300 | _a82 p ., | ||
| 650 | _aArticles | ||
| 942 | _cL | ||
| 999 |
_c5337 _d5337 |
||